Słowa zakończone na -ulec. - Statystyki

Ogólne statystyki
  • Ten quiz został rozwiązany 150 razy
    135 od ostatniego zresetowania
  • Średni wynik to 3 z 22
Statystyki odpowiedzi
% Poprawnych
hamulec
62%
budulec
59%
krogulec
50%
ulec
50%
szpikulec
31%
gargulec
30%
kamulec
19%
krzywulec
2%
pikulec
2%
sprzęgłohamulec
2%
ćwiekulec
1%
krępulec
1%
krzyżulec
1%
makulec
1%
strychulec
1%
fasulec
0%
klepulec
0%
maculec
0%
sadzulec
0%
serwohamulec
0%
szachulec
0%
tawulec
0%
Nie znaleziono quizów pasujących do podanych kryteriów
Rozkład punktacji
Procent ludzi z każdym wynikiem
Percentyl według liczby udzielonych odpowiedzi
Twoja historia wyników
Nie rozwiązałeś tego quizu od ostatniego zresetowania